Annual report. Agricultural Bank of Greece

Αποθηκεύτηκε σε:
Λεπτομέρειες βιβλιογραφικής εγγραφής
Συγγραφή απο Οργανισμό/Αρχή: Αγροτική Τράπεζα της Ελλάδος
Μορφή: Περιοδική έκδοση
Γλώσσα:English
Δημοσίευση: [χ.τ.] : Αγροτική Τράπεζα της Ελλάδος, [19--]-
Θέματα:
Ετικέτες: Προσθήκη ετικέτας
Δεν υπάρχουν, Καταχωρήστε ετικέτα πρώτοι!

MARC

LEADER 00000nas a2200000 i 4500
001 1/61300
008 040917c19 9999gr eng
035 |l 10074449  
040 |a GR-MY-UA  |b gre  |e aacr 
041 0 |a eng 
082 0 |a 332.109495  
110 2 |a Αγροτική Τράπεζα της Ελλάδος. 
245 1 0 |a Annual report. Agricultural Bank of Greece   |h [περιοδικό] /   |c Agricultural Bank of Greece.  
260 |a [χ.τ.] :   |b Αγροτική Τράπεζα της Ελλάδος,   |c [19--]-  
300 |a τ. :   |b εικ., χάρτ. ;   |c 28 εκ.  
310 |a Ετήσιο  
500 |a Υπάρχει αντίστοιχη έκδοση στα Ελληνικά  
650 0 0 |a Banks and banking  |x Statistics  |x Periodicals  |z Greece. 
650 0 0 |a Economics  |z Greece  |x Statistics  |x Periodicals. 
853 |a INST  |b CHIOS  |c SER  |h 332.109495 
901 |a BIBL2-2004-3 
920 |a ΑΓΡΟΤΙΚΗ ΤΡΑΠΕΖΑ ΤΗΣ ΕΛΛΑΔΟΣ  |y ΧΙΟΣ  |z 2000-02 
970 |a ΠΟΥΛΑΚΗ  |b ΠΑΝΩΡΑΙΑ  |z (2004/10/04)